Movies Quiz

Random Movies or Letter Quiz

One Word 'R' Movies Quiz Stats

 Plays Quiz Updated Apr 6, 2016

Challenge
Share
Tweet
Score 0/25 Timer 08:00
0 Plays Today
% Correct
Rocky
99.4%
Rambo
87.1%
Ratatouille
86.3%
RoboCop
85.6%
Ray
84%
Rio
74.6%
Rango
73.1%
Red
67.6%
Rudy
66.5%
Ringu
66.3%
Robots
65.5%
Ransom
51.6%
Rollerball
50.4%
% Correct
Radio
49.2%
Roxanne
46.8%
Rounders
44.1%
Room
40.2%
Rush
37.6%
Rushmore
30.5%
Rent
27%
Ronin
26.2%
Rebecca
16.8%
Rope
16.4%
Rashomon
13.4%
Ran
11.8%

You're not logged in!

Compare scores with friends on all Sporcle quizzes.
OR
Log In

You Might Also Like...

Show Comments

Extras

Top Quizzes Today


Score Distribution

Your Account Isn't Verified!

In order to create a playlist on Sporcle, you need to verify the email address you used during registration. Go to your Sporcle Settings to finish the process.

Report this User

Report this user for behavior that violates our Community Guidelines.

Details: